Changing east-west relations and theunity of the west / (Record no. 1868)
[ view plain ]
| 000 -LEADER | |
|---|---|
| fixed length control field | 00411cam a2200157ua 4500 |
| 041 ## - LANGUAGE CODE | |
| Language code of text/sound track or separate title | eng |
| 082 ## - DEWEY DECIMAL CLASSIFICATION NUMBER | |
| Classification number | 303.482 |
| Item number | WOL/CH |
| 100 ## - MAIN ENTRY--AUTHOR NAME | |
| Personal name | Woffers, Arnold . |
| 245 00 - TITLE STATEMENT | |
| Title | Changing east-west relations and theunity of the west / |
| 250 ## - EDITION STATEMENT | |
| Edition statement | 1 / |
| 260 ## - PUBLICATION, DISTRIBUTION, ETC. (IMPRINT) | |
| Place of publication | : |
| Name of publisher | John Hopkins press , |
| Year of publication | 1964. |
| 300 ## - PHYSICAL DESCRIPTION | |
| Number of Pages | 242 ; . |
| 942 ## - ADDED ENTRY ELEMENTS (KOHA) | |
| Koha item type | Books |
| Withdrawn status | Lost status | Damaged status | Home library | Current library | Date acquired | Full call number | Accession Number | Koha item type | Public note |
|---|---|---|---|---|---|---|---|---|---|
| Withdrawn | KAUAET | Sanskrit University | 07/04/2012 | 303.482 | 8008 | Books | Transferred to Sanskrit University |
